Guide to the companies act. 2 V (Record no. 40376)

MARC details
000 -LEADER
fixed length control field 00300nam a2200121Ia 4500
082 ## - DEWEY DECIMAL CLASSIFICATION NUMBER
Classification number 347.71992
Item number RAM
100 ## - MAIN ENTRY--AUTHOR NAME
Personal name Ramaiya, A
245 #0 - TITLE STATEMENT
Title Guide to the companies act. 2 V
250 ## - EDITION STATEMENT
Edition statement Ed.12
260 ## - PUBLICATION, DISTRIBUTION, ETC. (IMPRINT)
Place of publication Nagpur
Name of publisher Wadhawa and Co
Year of publication 1992
942 ## - ADDED ENTRY ELEMENTS (KOHA)
Koha item type Books
Holdings
Withdrawn status Lost status Damaged status Not for loan Home library Current library Date acquired Cost, normal purchase price Full call number Accession Number Koha item type
        RRII Library RRII Library 16/12/2021 660.00 347.71992 RAM 20676 Books